<?xml version="1.0" encoding="UTF-8"?>
<record
    xmlns:xsi="http://www.w3.org/2001/XMLSchema-instance"
    xsi:schemaLocation="http://www.loc.gov/MARC21/slim http://www.loc.gov/standards/marcxml/schema/MARC21slim.xsd"
    xmlns="http://www.loc.gov/MARC21/slim">

  <leader>01638    a2200253   4500</leader>
  <controlfield tag="001">2162214035926813</controlfield>
  <controlfield tag="003">UA-OsUOA</controlfield>
  <controlfield tag="005">20260513150653.0</controlfield>
  <controlfield tag="008">260513b        un a|||| |||| 00| p ukr d</controlfield>
  <datafield tag="020" ind1=" " ind2=" ">
    <subfield code="a">9668118626</subfield>
  </datafield>
  <datafield tag="040" ind1=" " ind2=" ">
    <subfield code="a">UA-OsUOA</subfield>
    <subfield code="b">ukr</subfield>
    <subfield code="c">UA-OsUOA</subfield>
    <subfield code="d">UA-OsUOA</subfield>
  </datafield>
  <datafield tag="041" ind1=" " ind2=" ">
    <subfield code="a">ukr</subfield>
  </datafield>
  <datafield tag="080" ind1=" " ind2=" ">
    <subfield code="a">821.161.2</subfield>
  </datafield>
  <datafield tag="090" ind1=" " ind2=" ">
    <subfield code="a">821.161.2</subfield>
    <subfield code="b">&#x41B;84</subfield>
  </datafield>
  <datafield tag="100" ind1=" " ind2=" ">
    <subfield code="a">&#x41B;&#x443;&#x43A;'&#x44F;&#x43D;&#x435;&#x43D;&#x43A;&#x43E; &#x413;.</subfield>
    <subfield code="9">25228</subfield>
  </datafield>
  <datafield tag="245" ind1=" " ind2=" ">
    <subfield code="a">&#x426;&#x456;&#x43B;&#x443;&#x43D;&#x43E;&#x43A; &#x43D;&#x43E;&#x447;&#x456;</subfield>
    <subfield code="b">&#x43F;&#x43E;&#x435;&#x437;&#x456;&#x457;</subfield>
  </datafield>
  <datafield tag="260" ind1=" " ind2=" ">
    <subfield code="b">&#x42E;&#x43D;&#x456;&#x432;&#x435;&#x440;&#x441;</subfield>
    <subfield code="c">2008</subfield>
    <subfield code="a">&#x41A;&#x438;&#x457;&#x432;</subfield>
  </datafield>
  <datafield tag="300" ind1=" " ind2=" ">
    <subfield code="a">176 &#x441;.</subfield>
  </datafield>
  <datafield tag="520" ind1=" " ind2=" ">
    <subfield code="a">&#x406;&#x43C;'&#x44F; &#x413;&#x430;&#x43D;&#x43D;&#x438; &#x41B;&#x443;&#x43A;'&#x44F;&#x43D;&#x435;&#x43D;&#x43A;&#x43E; &#x437;'&#x44F;&#x432;&#x438;&#x43B;&#x43E;&#x441;&#x44F; &#x43D;&#x430; &#x43E;&#x432;&#x438;&#x434;&#x456; &#x43C;&#x43E;&#x43B;&#x43E;&#x434;&#x43E;&#x457; &#x443;&#x43A;&#x440;&#x430;&#x457;&#x43D;&#x441;&#x44C;&#x43A;&#x43E;&#x457; &#x43F;&#x43E;&#x435;&#x437;&#x456;&#x457; &#x43D;&#x435;&#x449;&#x43E;&#x434;&#x430;&#x432;&#x43D;&#x43E;, &#x440;&#x430;&#x437;&#x43E;&#x43C; &#x437; &#x432;&#x438;&#x445;&#x43E;&#x434;&#x43E;&#x43C; &#x43F;&#x435;&#x440;&#x448;&#x43E;&#x457; &#x437;&#x431;&#x456;&#x440;&#x43A;&#x438; - "&#x41F;&#x43E;&#x432;&#x43D;&#x43E;&#x43B;&#x456;&#x442;&#x442;&#x44F;". &#x421;&#x442;&#x438;&#x43B;&#x44C; &#x457;&#x457; &#x43F;&#x438;&#x441;&#x44C;&#x43C;&#x430; &#x437;&#x456;&#x442;&#x43A;&#x430;&#x43D;&#x438;&#x439; &#x456;&#x437; &#x43D;&#x430;&#x43F;&#x456;&#x432;&#x440;&#x435;&#x430;&#x43B;&#x44C;&#x43D;&#x438;&#x445; &#x436;&#x438;&#x442;&#x442;&#x454;&#x432;&#x438;&#x445; &#x432;&#x440;&#x430;&#x436;&#x435;&#x43D;&#x44C;, &#x456;&#x437; &#x433;&#x440;&#x438; &#x443;&#x44F;&#x432;&#x438; &#x456; &#x445;&#x438;&#x43C;&#x435;&#x440;&#x43D;&#x438;&#x445;, &#x444;&#x430;&#x43D;&#x442;&#x430;&#x441;&#x43C;&#x430;&#x433;&#x43E;&#x440;&#x438;&#x447;&#x43D;&#x438;&#x445; &#x432;&#x438;&#x434;&#x438;&#x432;.
&#x426;&#x435;&#x439; &#x436;&#x435; &#x43F;&#x43E;&#x435;&#x442;&#x438;&#x447;&#x43D;&#x438;&#x439; &#x449;&#x43E;&#x434;&#x435;&#x43D;&#x43D;&#x438;&#x43A;, &#x442;&#x43E;&#x447;&#x43D;&#x456;&#x448;&#x435; &#x43D;&#x456;&#x447;&#x43D;&#x438;&#x43A;, &#x442;&#x435;&#x436; &#x431;&#x430;&#x447;&#x438;&#x442;&#x44C;&#x441;&#x44F; &#x44F;&#x43A; "&#x433;&#x43E;&#x43D;&#x438;&#x442;&#x432;&#x430; &#x437;&#x430; &#x43F;&#x440;&#x438;&#x432;&#x438;&#x434;&#x43E;&#x43C;", &#x44F;&#x43A; &#x432;&#x456;&#x437;&#x456;&#x457; &#x447;&#x43E;&#x433;&#x43E;&#x441;&#x44C; &#x43D;&#x430;&#x434;&#x440;&#x435;&#x430;&#x43B;&#x44C;&#x43D;&#x43E;&#x433;&#x43E;, &#x444;&#x440;&#x430;&#x433;&#x43C;&#x435;&#x43D;&#x442;&#x438; &#x441;&#x43D;&#x43E;&#x432;&#x435;&#x434;&#x456;&#x43D;&#x44C;, &#x447;&#x430;&#x441;&#x43E;&#x43C; &#x431;&#x43E;&#x43B;&#x44E;&#x447;&#x438;&#x445; &#x442;&#x430; &#x440;&#x456;&#x434;&#x448;&#x435; &#x449;&#x430;&#x441;&#x43B;&#x438;&#x432;&#x438;&#x445;. &#x423; &#x437;&#x431;&#x456;&#x440;&#x446;&#x456; &#x432;&#x456;&#x440;&#x448;&#x456;&#x432; - "&#x426;&#x456;&#x43B;&#x443;&#x43D;&#x43E;&#x43A; &#x43D;&#x43E;&#x447;&#x456;" &#x430;&#x432;&#x442;&#x43E;&#x440;&#x43A;&#x430; &#x43F;&#x440;&#x43E;&#x434;&#x43E;&#x432;&#x436;&#x443;&#x454; &#x440;&#x43E;&#x437;&#x432;&#x438;&#x432;&#x430;&#x442;&#x438; &#x441;&#x432;&#x43E;&#x457; &#x441;&#x44E;&#x440;&#x440;&#x435;&#x430;&#x43B;&#x456;&#x441;&#x442;&#x438;&#x447;&#x43D;&#x456; &#x43C;&#x43E;&#x442;&#x438;&#x432;&#x438;.</subfield>
  </datafield>
  <datafield tag="650" ind1=" " ind2=" ">
    <subfield code="a">82 &#x41B;&#x456;&#x442;&#x435;&#x440;&#x430;&#x442;&#x443;&#x440;&#x430;. &#x41B;&#x456;&#x442;&#x435;&#x440;&#x430;&#x442;&#x443;&#x440;&#x43E;&#x437;&#x43D;&#x430;&#x432;&#x441;&#x442;&#x432;&#x43E;</subfield>
    <subfield code="9">15</subfield>
  </datafield>
  <datafield tag="942" ind1=" " ind2=" ">
    <subfield code="c">BK</subfield>
    <subfield code="2">udc</subfield>
  </datafield>
  <datafield tag="955" ind1=" " ind2=" ">
    <subfield code="a">3</subfield>
  </datafield>
  <datafield tag="999" ind1=" " ind2=" ">
    <subfield code="c">580697</subfield>
    <subfield code="d">580697</subfield>
  </datafield>
  <datafield tag="952" ind1=" " ind2=" ">
    <subfield code="0">0</subfield>
    <subfield code="1">0</subfield>
    <subfield code="2">udc</subfield>
    <subfield code="4">0</subfield>
    <subfield code="7">0</subfield>
    <subfield code="8">C_Shevchuk_V.</subfield>
    <subfield code="a">101</subfield>
    <subfield code="b">101</subfield>
    <subfield code="d">2026-05-13</subfield>
    <subfield code="e">&#x410;&#x43A;&#x442; &#x2116;24/28.04.2026</subfield>
    <subfield code="g">25.00</subfield>
    <subfield code="i">169932</subfield>
    <subfield code="l">0</subfield>
    <subfield code="o">821.161.2 &#x41B;84</subfield>
    <subfield code="p">169932</subfield>
    <subfield code="r">2026-05-13 15:08:00</subfield>
    <subfield code="v">25.00</subfield>
    <subfield code="w">2026-05-13</subfield>
    <subfield code="y">BK</subfield>
    <subfield code="z">&#x417; &#x430;&#x432;&#x442;&#x43E;&#x433;&#x440;&#x430;&#x444;&#x43E;&#x43C; &#x430;&#x432;&#x442;&#x43E;&#x440;&#x43A;&#x438;</subfield>
  </datafield>
</record>
